[Event "1st Goa GM Open 2018"]
[Site "Taleigao"]
[Date "2018.10.19"]
[Round "9"]
[White "Malakhatko, Vadim"]
[Black "Jubin Jimmy"]
[Result "1-0"]
[WhiteElo "2552"]
[BlackElo "2308"]
[Annotator "TA"]
[PlyCount "64"]
[EventDate "2018.10.13"]
[EventType "swiss"]
[EventCountry "IND"]
[SourceTitle "playchess.com"]
[Source "ChessBase"]
[SourceQuality "1"]

{[%evp 11,64,0,32,24,38,0,36,43,45,21,30,17,17,4,21,25,60,36,51,15,47,35,42,32,51,47,158,155,164,157,177,176,191,168,212,216,216,148,142,143,212,204,212,172,287,313,312,246,252,217,227,225,231,239,245]} 1. c4 {Rogers,I} e5 2. e3 Nf6 3. Nc3 Bb4 4. Nge2 O-O 5. a3 Be7 6. d4 {A22: English Opening: 1...e5 2 Nc3 Nf6} (6. Nd5 c6 7. Nxe7+ Qxe7 8. d4 d5 9. cxd5 Nxd5 10. dxe5 Qxe5 11. Qd4 Nd7 12. e4 N5f6 13. f3 c5 {½-½ (73) Laznicka,V (2647)-Harikrishna,P (2744) Riadh 2017}) 6... d6 {LiveBook: 4 Games} 7. d5 Ne8 $146 ({Predecessor:} 7... c6 8. Ng3 Bg4 9. f3 Bd7 10. Be2 cxd5 11. cxd5 Be8 12. O-O Nbd7 13. Kh1 Rc8 {1-0 (37) Johansen,D (2465)-Comp Deep Thought Sydney 1991 EXT 1997 [Rogers,I]}) 8. g3 {White is slightly better.} Bg4 9. Bg2 f5 10. Qc2 Nd7 11. f3 Bh5 12. O-O Bg6 13. f4 Bf6 14. b4 Qe7 15. Bd2 Kh8 16. Rae1 e4 17. g4 {Black must now prevent gxf5.} Bh4 18. Rc1 Nef6 (18... fxg4 $14 19. Bxe4 Bxe4 20. Nxe4 (20. Qxe4 Qxe4 21. Nxe4 Nef6 $11) 20... g6) 19. gxf5 $16 Bxf5 20. Nd4 $36 {[%mdl 2048] Black is under strong pressure.} g6 21. Ncb5 Nb6 22. a4 {[%cal Ba3a4,Ba4a5][%mdl 32]} Qd7 23. a5 Nc8 24. Nxf5 gxf5 25. Bc3 Rg8 (25... c6 $16) 26. Kh1 Ne7 27. Nd4 {[%cal Bb5d4,Bd4e6,Be6c7][%mdl 32]} h6 (27... h5 $142 28. Ne6 Kh7) 28. Bh3 $18 Rg6 29. Rg1 {[#] aiming for Rxg6.} Rag8 30. Ne6 {Threatens to win with Rxg6.} Qe8 {White is clearly better.} 31. Nxc7 Rxg1+ 32. Rxg1 Rxg1+ {Precision: White = 57%, Black = 30%.} 1-0

[Event "1st Goa GM Open 2018"]
[Site "Taleigao"]
[Date "2018.10.19"]
[Round "9"]
[White "Ter-Sahakyan, Samvel"]
[Black "Deshmukh, Anup"]
[Result "1-0"]
[WhiteElo "2547"]
[BlackElo "2267"]
[Annotator "TA"]
[PlyCount "62"]
[EventDate "2018.10.13"]
[EventType "swiss"]
[EventCountry "IND"]
[SourceTitle "playchess.com"]
[Source "ChessBase"]
[SourceQuality "1"]

{[%evp 16,62,16,8,42,40,85,69,71,72,89,85,87,63,45,44,51,41,59,56,60,69,62,0,159,156,535,153,329,218,220,-1254,-86,-100,-86,-90,-100,-93,-90,-97,-98,-106,0,-29996,29995,-29998,-29993,-29999,5014]} 1. e4 c5 2. Nf3 Nc6 3. Bb5 g6 4. O-O Bg7 5. Nc3 d6 {[%cal Bd7d6,Bd6e5][%mdl 32]} 6. e5 dxe5 {B31: Sicilian: 2...Nc6 3 Bb5 g6} 7. Bxc6+ bxc6 8. Re1 Qc7 9. d3 {LiveBook: 11 Games} Rb8 (9... c4 10. h3 Be6 11. Qe2 cxd3 12. cxd3 Nf6 13. Nxe5 Nd5 14. Na4 Bxe5 15. Qxe5 Qxe5 16. Rxe5 {½-½ (46) Nepomniachtchi,I (2751)-Gelfand,B (2724) Moscow 2017}) 10. h3 Nh6 11. Nxe5 $1 Bxe5 $146 ({Predecessor:} 11... Nf5 12. Bf4 Rxb2 13. g4 Rb4 14. Bh2 {½-½ (41) Rosche,E (2429)-Buettner,F (2403) Remote email 2012}) 12. Bxh6 Rxb2 13. Ne4 $1 Rg8 14. Bg5 {[%mdl 1024] White has strong compensation.} Kf8 15. Qc1 Rb6 16. Bh6+ (16. Nxc5 f6 $11) 16... Ke8 17. Be3 $1 g5 18. Bxc5 {And now d4 would win.} Rb5 19. Qe3 (19. a4 $14 Ra5 20. Bb4) 19... Be6 $2 ({Better is} 19... f5 $11 20. d4 Bh2+ 21. Kh1 fxe4) 20. d4 $16 Ra5 $2 (20... Bh2+ $16 21. Kh1 Bf4) 21. Qf3 $2 (21. dxe5 $18 Rg6 22. a4) 21... Bf4 $2 (21... g4 $16 22. hxg4 Bh2+ 23. Kh1 Qf4) 22. Qh5 Rg6 23. Qh6 $4 {[%mdl 8192]} (23. Qxh7 $18 g4 24. hxg4) 23... g4 $2 (23... Rxh6 $19 {is more deadly.} 24. Bb4 Rb5) 24. Qxh7 $17 {hxg4 is the strong threat.} gxh3 $1 {Strongly threatening ...Bh2+.} 25. g3 Bxg3 $1 26. fxg3 (26. Qh8+ $2 Kd7 $19) 26... Rxg3+ 27. Kh1 {[#] White wants to mate with Nf6+!} Qf4 $1 {[%cal Rf4f3] ( -> ...Qf3+)} 28. Rf1 Rxa2 $40 {[%mdl 128] Black has some attack.} (28... Rf3 $17 29. Rfb1 Rb5 30. Qg8+ Kd7) 29. Bd6 $2 {[%mdl 8192] [#]} (29. Rxf4 $2 Rxa1+ 30. Rf1 Rxf1+ 31. Kh2 Rg2#) (29. Rab1 $11 Rg1+ 30. Kxg1 Qg4+ 31. Kf2 Qf4+ 32. Kg1 (32. Ke1 $2 {is a self mate.} Qe3+ 33. Kd1 Bg4+ 34. Rf3 Bxf3#) 32... Qg4+ 33. Kf2 Qf4+ 34. Kg1 (34. Ke1 $2 Qe3+ 35. Kd1 Bg4+ 36. Rf3 Bxf3#)) 29... Rxa1 $4 {[%mdl 8192]} (29... Qf3+ $1 {[%mdl 512] and life is good for Black.} 30. Rxf3 Rxa1+ 31. Rf1 Rxf1+ 32. Kh2 Rg2#) 30. Nxg3 $4 {[%mdl 8192]} (30. Bxf4 $2 {leads to mate.} Rxf1+ 31. Kh2 Rg2#) (30. Qh8+ {is the narrow road to win.} Rg8 31. Qxg8+ (31. Bxf4 $2 {loses.} Rxf1+ 32. Kh2 Rxh8 $19) 31... Kd7 32. Nc5+ Kxd6 33. Qd8+ Bd7 34. Qxd7#) 30... exd6 31. Ne4 Ra2 $4 {[%mdl 8192] Precision: White = 49%, Black = 30%.} (31... Rxf1# {and all is fine.}) 1-0

[Event "1st Goa GM Open 2018"]
[Site "Taleigao"]
[Date "2018.10.19"]
[Round "9"]
[White "Deepan Chakkravarthy J."]
[Black "Raahul V S"]
[Result "1/2-1/2"]
[WhiteElo "2540"]
[BlackElo "2294"]
[Annotator "TA"]
[PlyCount "115"]
[EventDate "2018.10.13"]
[EventType "swiss"]
[EventCountry "IND"]
[SourceTitle "playchess.com"]
[Source "ChessBase"]
[SourceQuality "1"]

{[%evp 28,115,35,26,64,6,11,2,8,8,8,16,15,15,19,0,0,0,8,8,5,13,13,3,22,15,28,22,57,54,74,79,82,86,78,79,72,64,74,24,22,22,29,28,34,35,68,72,66,66,89,80,79,70,70,69,79,81,65,8,8,8,8,0,0,0,0,0,0,0,8,8,8,8,8,12,13,0,8,0,0,0,0,0,0,0,0,0,0,0]} 1. d4 {Marin,M} Nf6 2. c4 g6 3. Nc3 Bg7 4. e4 d6 5. Nf3 O-O 6. Be2 e5 7. O-O Nc6 8. d5 Ne7 9. b4 Nh5 10. g3 f5 11. Ng5 Nf6 12. Bf3 {E97: King's Indian: Classical Main Line (6...e5 7 0-0 Nc6): 8 Be3 and 8 d5 Ne7, not 9 Ne1} h6 13. Ne6 Bxe6 14. dxe6 fxe4 15. Nxe4 {[#] LiveBook: 5 Games} Ne8 $146 ({Predecessor:} 15... Qc8 16. Be3 Ne8 17. Bg2 Qxe6 18. Qb3 Kh7 19. b5 Nf5 {½-½ (50) Gelfand,B (2744)-Nakamura,H (2799) Khanty-Mansiysk 2015 CBM 167 [Marin,M]}) 16. Bg4 (16. Bg2 $14) 16... Nf5 $11 17. b5 Qc8 18. e7 Rf7 19. Qd5 c6 20. bxc6 bxc6 21. Qd1 Qc7 22. Ba3 {[#] Hoping for Bxf5.} Nd4 23. Bb2 $36 {[%mdl 2048] Black should prevent Bxd4. Black is under pressure.} Rxe7 24. Bxd4 exd4 25. Qd3 d5 26. cxd5 cxd5 27. Rac1 Qe5 28. Nc5 Nf6 29. Qxg6 Nxg4 30. Qxg4 Qg5 31. Qf3 Rf8 32. Qd3 Qf5 33. Rc2 Rc7 34. Rfc1 Qxd3 35. Nxd3 Rc3 36. Rd2 h5 37. Rcd1 h4 38. Kg2 hxg3 39. hxg3 a5 40. Re2 Rfc8 41. Nf4 Ra3 42. Nxd5 Rd8 43. Ne7+ ({Better is} 43. Nc7 $14) 43... Kf7 $1 {[#] And now ...Re8 would win.The position is equal.} 44. Nc6 Rd6 45. Na7 {Black must now prevent Nb5.} d3 46. Red2 Rd5 47. f4 Rc3 48. a4 Ra3 49. Kf3 Rxa4 50. Rxd3 Rad4 51. Rxd4 Rxd4 {[%mdl 4096] Endgame KRB-KRN} 52. Re1 Rd3+ 53. Kg4 a4 54. Nc6 Rd6 55. Ne5+ Bxe5 56. Rxe5 {Ra5 is the strong threat.} Ra6 57. Re2 a3 {aiming for ...a2.} 58. Ra2 {Precision: White = 64%, Black = 68%.} 1/2-1/2

[Event "1st Goa GM Open 2018"]
[Site "Taleigao"]
[Date "2018.10.19"]
[Round "9"]
[White "Neverov, Valeriy"]
[Black "Karthik Venkataraman"]
[Result "0-1"]
[WhiteElo "2488"]
[BlackElo "2525"]
[Annotator "TA"]
[PlyCount "64"]
[EventDate "2018.10.13"]
[EventType "swiss"]
[EventCountry "IND"]
[SourceTitle "playchess.com"]
[Source "ChessBase"]
[SourceQuality "1"]

{[%evp 15,64,0,0,-20,8,-19,6,0,0,0,5,0,0,0,8,0,0,0,0,-14,-15,-27,-14,-20,-10,-12,-17,-11,-13,-12,0,-12,0,0,0,0,0,-23,-20,-84,-64,-62,-56,-124,-123,-199,-185,-236,-249,-1831,-1795]} 1. d4 Nf6 2. Nf3 d5 3. Bf4 c5 4. c3 e6 5. e3 Nc6 6. Nbd2 Bd6 7. Bg3 O-O 8. Bd3 b6 9. O-O {D02: 1 d4 d5 2 Nf3 sidelines, including 2...Nf6 3 g3 and 2...Nf6 3 Bf4} (9. e4 Be7 10. e5 Nh5 11. Nf1 cxd4 12. Nxd4 Nxd4 13. cxd4 g6 14. Ne3 f5 15. exf6 Bxf6 16. Be2 Nxg3 17. hxg3 {½-½ (37) Nakamura,H (2787)-Svidler,P (2760) Moscow 2018}) 9... Bb7 10. Qe2 Re8 11. Ne5 {The position is equal.} Qc7 {[%cal Rc6e5]} 12. Nxc6 $146 ({Predecessor:} 12. f4 Ne7 13. Bh4 Ne4 14. Bxe4 dxe4 15. g4 f6 16. Nec4 Ng6 {0-1 (48) Ding,Y (2424)-Kosteniuk,A (2557) Riadh 2017}) 12... Bxc6 13. Bxd6 Qxd6 14. f4 c4 15. Bc2 b5 16. e4 dxe4 17. Rae1 Rab8 18. Nxe4 Bxe4 19. Bxe4 b4 20. Qxc4 Rec8 21. Qd3 bxc3 22. bxc3 Qa3 23. c4 Qxa2 24. c5 Rb3 $36 {[%mdl 2048] Black has some pressure.} 25. Qc4 Qa3 26. Rf3 Qa5 27. Rb1 (27. Qc1 $11 Rb4 28. Qc3) 27... Rxb1+ $17 28. Bxb1 Rd8 29. c6 (29. Qc3 $15 Qa4 30. Rd3) 29... g6 30. Rc3 (30. Bd3 $17) 30... Nd5 $19 31. Rc1 {[#]} (31. Rf3 $142) 31... Qd2 $1 {Hoping for ...Ne3.} 32. Qf1 $2 (32. Qc2 Qxf4 33. Qc5) 32... Ne3 {Precision: White = 31%, Black = 81%.} 0-1

[Event "1st Goa GM Open 2018"]
[Site "Taleigao"]
[Date "2018.10.19"]
[Round "9"]
[White "Rahman, Ziaur"]
[Black "Soham Datar"]
[Result "1-0"]
[WhiteElo "2473"]
[BlackElo "2060"]
[Annotator "TA"]
[PlyCount "81"]
[EventDate "2018.10.13"]
[EventType "swiss"]
[EventCountry "IND"]
[SourceTitle "playchess.com"]
[Source "ChessBase"]
[SourceQuality "1"]

{[%evp 25,81,21,24,19,25,20,15,13,17,11,18,17,54,56,103,84,122,100,89,121,120,131,130,139,152,154,127,104,107,105,122,121,133,137,147,125,327,251,258,241,583,576,775,712,1263,1198,1399,1376,1997,1875,29983,29983,29989,29990,29990,29991,29993,-217]} 1. Nf3 c5 2. c4 Nc6 3. b3 Nf6 4. Bb2 e6 5. g3 b6 6. Bg2 Bb7 7. O-O Be7 8. Nc3 O-O 9. e3 Rc8 10. Qe2 d5 11. Rfd1 dxc4 12. bxc4 Qc7 13. d3 Rfd8 14. Rab1 {A14: English Opening: 1...e6 with b3 by White} Qb8 15. Ba1 (15. Ne1 Rd7 16. f4 Rcd8 17. a3 Qa8 18. g4 Na5 19. g5 Ne8 20. Nf3 Nd6 21. Ne5 Bxg2 22. Qxg2 Qxg2+ 23. Kxg2 {1-0 (82) Matlakov,M (2668)-Kovalenko,I (2556) St Petersburg 2012}) 15... Qa8 16. Ne1 {The position is equal.} Na5 $146 ({Predecessor:} 16... h6 17. f4 Rd7 18. a3 Rcd8 19. Nf3 Qb8 20. Nb5 Rc8 21. Rd2 Rdd8 {0-1 (41) Mikaelyan,A (2372)-Harutyunian,T (2441) Batumi 2014}) 17. f4 Bxg2 18. Nxg2 Bf8 19. g4 {[%cal Bg3g4,Bg4g5][%mdl 32]} Nd7 20. g5 Nb7 21. h4 {[%cal Bh2h4,Bh4h5][%mdl 32]} Nd6 22. h5 f6 23. gxf6 Nxf6 24. e4 {[%cal Be3e4,Be4e5][%mdl 32] Hoping for e5.} Nf7 {[#]} 25. e5 $1 {[%cal Re5f6]} Nd7 26. Ne4 Nh6 27. Ne3 Be7 28. Qg2 Rf8 29. Rf1 {f5! is the strong threat.} Kh8 30. Rb2 Nb8 $2 (30... Qc6 $16 {might work better.}) 31. Qg3 Rg8 32. Rg2 Rcf8 $2 {[#]} (32... Nc6 {is a better chance.} 33. f5 Nd4) 33. f5 $1 $18 {[%mdl 512]} Rf7 (33... exf5 34. e6) 34. f6 gxf6 {[#]} 35. exf6 $1 {[%mdl 512]} Bf8 36. Ng5 Rxg5 37. Qxg5 Nc6 38. Ng4 {White mates.} Nxg4 39. Rxg4 {[%csl Gg4][%cal Rg5g8]} Bd6 40. h6 Qe8 {[#]} 41. Qg7+ $1 {[%mdl 41472] Precision: White = 96%, Black = 30%. . Loss on Time!?} 1-0

[Event "1st Goa GM Open 2018"]
[Site "Taleigao"]
[Date "2018.10.19"]
[Round "9"]
[White "Kasparov, Sergey"]
[Black "Bernadskiy, Vitaliy"]
[Result "1-0"]
[WhiteElo "2453"]
[BlackElo "2547"]
[Annotator "TA"]
[PlyCount "131"]
[EventDate "2018.10.13"]
[EventType "swiss"]
[EventCountry "IND"]
[SourceTitle "playchess.com"]
[Source "ChessBase"]
[SourceQuality "1"]

{[%evp 18,131,20,29,29,16,35,11,14,17,24,0,0,-33,0,-9,-9,-31,-22,-34,-15,-56,-50,-43,-42,-55,-51,-47,-29,-36,-29,-29,-29,-36,-36,-44,-36,-44,-36,-36,-36,-36,-36,-36,-36,-36,-36,-36,-36,-31,0,-35,0,-27,-27,-27,-28,-28,-28,-28,36,37,115,123,123,123,123,123,123,123,137,137,137,137,205,193,198,204,160,155,210,172,147,148,207,205,198,189,230,191,228,202,166,173,233,229,451,421,536,512,562,543,1329,1279,1928,1745,3424,1931,1019,984,6797,9637,6074,6494,5185,4801]} 1. e4 c5 2. Nf3 d6 3. Bb5+ Nd7 {[%cal Bb8d7,Bd7e5,Be5f3][%mdl 32]} 4. O-O a6 5. Bd3 {[%cal Bb5d3,Bd3c2,Bc2b3][%mdl 32]} Ngf6 6. Re1 {B51: Sicilian: Moscow Variation (3 Bb5+) without 3...Bd7} g6 7. c3 Bg7 8. Bc2 Ne5 (8... O-O 9. d4 e5 10. a4 cxd4 11. cxd4 exd4 12. Nxd4 Nc5 {1-0 (33) Jakovenko,D (2748)-Nepomniachtchi,I (2768) Satka 2018}) 9. d4 Nxf3+ 10. Qxf3 {LiveBook: 3 Games} Nd7 11. Be3 (11. d5 {with more complications.} b5 12. Bg5 O-O 13. Qe3 Nb6 14. Nd2) 11... Qc7 {next ...cxd4 is good for Black.} 12. Bb3 $146 ({Predecessor:} 12. Qd1 O-O {0-1 (44) Ameir,M (2431)-Artemiev,V (2663) Baku 2016}) 12... O-O 13. Nd2 Rb8 14. Nf1 b5 15. dxc5 dxc5 {[%cal Bd6c5,Bc5c4][%mdl 32]} 16. Bf4 e5 17. Bc1 c4 18. Bc2 Bb7 19. Qh3 Nc5 20. Bh6 Rbd8 21. Bxg7 Kxg7 22. Qh4 Qc6 23. f3 Rd7 24. Rad1 Rfd8 25. Rxd7 Rxd7 26. Qf2 a5 27. a3 Ne6 28. Rd1 Rxd1 29. Bxd1 Qd6 30. Qd2 Qxd2 31. Nxd2 $15 {[%mdl 4096] Endgame KBN-KBN} a4 32. Bc2 h5 33. g3 h4 34. Kf2 Kh6 35. Nf1 Kg5 36. Ne3 Nc5 37. Bb1 f6 38. Bc2 Ne6 (38... hxg3+ $11 39. hxg3 Ne6) 39. Ng4 $14 h3 (39... Bc8 $1 $14) 40. Ke3 $16 Nc5 41. Nf2 Bc8 42. Bd1 Kh6 43. Be2 g5 44. Bf1 Kg6 45. Bxh3 Bxh3 (45... Bb7 $16 46. Bf5+ Kg7) 46. Nxh3 {KN-KN} Nd3 47. Nf2 Nc5 48. Kd2 Kh5 (48... Kf7 $16 {was necessary.} 49. Ke3 Kg6) 49. Ke2 Kg6 50. Ke3 Kh5 (50... Kf7 $16 51. Kd2 Nb3+ 52. Kd1 Nc5) 51. Ng4 Kg6 52. Kd2 Nd3 53. Ne3 Nxb2 54. Nd5 {Black must now prevent Nb4.} Nd3 {[#]} 55. Nc7 $1 g4 (55... Nc5 $142 56. Nxb5 Nb7) 56. fxg4 $18 Nf2 $2 (56... Nc5) 57. Nxb5 {White is clearly winning.} Nxg4 58. h4 Nf2 59. Nd6 Nh1 60. Nxc4 Nxg3 61. Nd6 Nf1+ 62. Ke2 Ng3+ 63. Ke3 Nf1+ 64. Kd3 Nh2 65. c4 Nf3 66. Nf5 {Precision: White = 69%, Black = 37%.} 1-0

[Event "1st Goa GM Open 2018"]
[Site "Taleigao"]
[Date "2018.10.19"]
[Round "9"]
[White "Neelotpal, Das"]
[Black "Gajwa Ankit"]
[Result "1-0"]
[WhiteElo "2436"]
[BlackElo "2224"]
[Annotator "TA"]
[PlyCount "59"]
[EventDate "2018.10.13"]
[EventType "swiss"]
[EventCountry "IND"]
[SourceTitle "playchess.com"]
[Source "ChessBase"]
[SourceQuality "1"]

{[%evp 16,59,8,-9,-23,-14,0,0,12,20,17,20,16,13,68,62,133,139,194,190,187,202,200,194,198,201,263,272,272,265,291,288,292,260,343,332,331,305,307,293,337,348,1037,1016,1111,1108]} 1. e4 c5 2. Nf3 d6 3. d4 cxd4 4. Qxd4 Nc6 5. Qe3 (5. Bb5 a6 6. Bxc6+ bxc6 7. O-O e5 8. Qd3 Be7 9. c4 Qc7 10. Rd1 Nf6 11. Nc3 O-O 12. h3 Rb8 13. b3 Nd7 14. Ba3 Nc5 15. Bxc5 dxc5 16. Qe3 {1-0 (26) Wang,H (2711)-Idani,P (2599) Kuala Lumpur 2018}) 5... g6 6. Be2 {B53: Sicilian: 2...d6: Lines with Qxd4} Bg7 7. O-O Nf6 8. c4 O-O 9. h3 {LiveBook: 8 Games} Nd7 10. Nc3 Nc5 11. Bd2 f5 $146 12. exf5 $1 gxf5 13. Qg5 f4 14. Rad1 ({Don't go for} 14. Bxf4 $2 Ne6 $19) 14... Kh8 ({Better is} 14... Bd7 $11) 15. Qh4 $14 ({Avoid the trap} 15. Bxf4 $2 Ne6 $19) 15... Bf6 ({Black should try} 15... e5 $1 $14) 16. Qxf4 $16 Ne6 (16... Qe8 $16 {keeps fighting.} 17. b3 Qg6) 17. Qh6 $18 Ned4 18. Nxd4 Nxd4 19. Bd3 $40 {[%csl Gd3][%cal Rh6h7][%mdl 128] [#] White wants a kill.} Bf5 20. Qe3 e5 21. Bxf5 Nxf5 22. Qd3 Bg5 23. Be1 Bf4 24. Ne2 Qg5 25. g3 {[%cal Bg2g3,Bg3f4][%mdl 32]} Qg6 26. Nxf4 exf4 27. Kh2 Rae8 {If only Black now had time for ...fxg3+....} 28. Bc3+ Kg8 $2 {[#]} (28... Ng7 29. Qxg6 hxg6 30. Rxd6 Rf7 31. gxf4 Kh7) 29. gxf4 Kf7 30. Rg1 {Precision: White = 93%, Black = 26%.} 1-0

[Event "1st Goa GM Open 2018"]
[Site "Taleigao"]
[Date "2018.10.19"]
[Round "9"]
[White "Bakunts, Rafael"]
[Black "Sahoo, Utkal Ranjan"]
[Result "1/2-1/2"]
[WhiteElo "2427"]
[BlackElo "2332"]
[Annotator "TA"]
[PlyCount "84"]
[EventDate "2018.10.13"]
[EventType "swiss"]
[EventCountry "IND"]
[SourceTitle "playchess.com"]
[Source "ChessBase"]
[SourceQuality "1"]

{[%evp 21,84,33,40,28,29,20,26,37,30,25,32,33,27,12,11,20,52,58,41,50,47,0,0,0,0,0,0,-31,-29,-101,-64,-60,-42,-97,0,0,-13,-27,0,0,0,0,0,0,0,0,-1,-5,-9,-1,0,0,0,0,0,0,0,0,0,0,0,0,0,0,0]} 1. e4 e5 2. Nf3 Nc6 3. Bb5 a6 4. Ba4 Nf6 5. O-O Nxe4 6. d4 b5 7. Bb3 d5 8. dxe5 Be6 9. Nbd2 Nc5 10. c3 Be7 11. Bc2 d4 12. Nb3 {[%cal Rf3d4] C83: Open Ruy Lopez: 9 c3 Be7} d3 13. Bb1 {White wants to play Nxc5.} Nxb3 $1 14. axb3 {White has an edge.} Bf5 15. Be3 O-O 16. Re1 (16. Bd4 Qd5 17. Re1 d2 18. Re2 Bxb1 19. Rxb1 Nxd4 20. Nxd4 {1-0 (64) Caruana,F (2827)-Mamedyarov,S (2820) Batumi 2018}) 16... Qd5 17. b4 Rfd8 {[#]} 18. h3 $146 ({Predecessor:} 18. Ba2 Qd7 19. Bg5 h6 20. Bxe7 Qxe7 21. Nd2 Be6 22. f4 Bxa2 23. Rxa2 Qe6 24. Ra1 Qd5 25. Qb3 Ne7 26. Qxd5 Nxd5 {½-½ (26) Smirnov,P (2579)-Iordachescu,V (2572) Khanty-Mansiysk 2008}) 18... a5 ({Don't go for} 18... Nxe5 $2 19. Nxe5 Qxe5 20. Bd4 $18) 19. Ba2 Qd7 $1 20. bxa5 Rxa5 ({Don't play} 20... Nxa5 $6 21. Bxf7+ $1 {[%mdl 512]} Kxf7 22. e6+ $1 {[%mdl 512]} Qxe6 23. Bg5 $16) 21. b4 (21. Bxf7+ $5 Kxf7 22. Rxa5 Nxa5 {[#]} 23. e6+ $1 {[%mdl 512]} Qxe6 24. Bc5 $1 $16 {[%mdl 512]}) 21... Ra4 {White should prevent ...Rda8.} 22. Bb3 Rxa1 23. Qxa1 Be4 24. Nd2 Bd5 25. f4 (25. Bf4 $11 {keeps the balance.}) 25... Bxb3 26. Nxb3 Qd5 27. Nd2 (27. Qd1 $15) 27... f6 (27... Bh4 $17 28. Rf1 Ne7) 28. Nf3 $1 $11 fxe5 29. fxe5 Nxe5 30. Nxe5 {The position is equal.} Qxe5 31. Bd4 Qg5 32. Re5 Qf6 {Strongly threatening ...d2.} 33. Re3 d2 {Hoping for ...Qf7.} 34. Rd3 Qe6 {aiming for ...Qe1+.} 35. Rxd2 Bg5 36. Qa2 Re8 37. Qxe6+ Rxe6 {KRB-KRB} 38. Ra2 Be3+ 39. Bxe3 Rxe3 40. Ra3 Kf7 41. Kf2 Rd3 42. Ke2 Rg3 {Precision: White = 67%, Black = 75%.} 1/2-1/2

[Event "1st Goa GM Open 2018"]
[Site "Taleigao"]
[Date "2018.10.19"]
[Round "9"]
[White "Das, Sayantan"]
[Black "Sivuk, Vitaly"]
[Result "1/2-1/2"]
[WhiteElo "2425"]
[BlackElo "2545"]
[Annotator "TA"]
[PlyCount "61"]
[EventDate "2018.10.13"]
[EventType "swiss"]
[EventCountry "IND"]
[SourceTitle "playchess.com"]
[Source "ChessBase"]
[SourceQuality "1"]

{[%evp 24,61,43,37,77,81,78,83,89,79,83,81,81,80,87,83,89,87,117,81,91,97,176,67,129,35,35,32,47,45,75,18,52,42,52,52,69,65,80,60]} 1. e4 c5 2. Nf3 d6 3. d4 cxd4 4. Nxd4 Nf6 5. Nc3 a6 6. Be2 e5 7. Nf3 Be7 8. Bg5 Nbd7 9. O-O O-O 10. a4 h6 {B92: Sicilian Najdorf: 6 Be2} 11. Bh4 b6 12. Nd2 Bb7 13. Bc4 {LiveBook: 3 Games} Nh7 $146 ({Predecessor:} 13... Qc7 14. Qe2 Rfc8 15. Rfd1 Nf8 16. Bxf6 Bxf6 17. Nd5 Qd8 18. Nf1 Ng6 {1-0 (50) Yu,Y (2750)-Atabayev,S (2437) Ashkhabad 2017}) 14. Bd5 Bxh4 15. Bxb7 Ra7 16. Bd5 Be7 17. Qe2 Nhf6 18. Nc4 Nc5 {[%cal Bd7c5,Bc5e6,Be6d4][%mdl 32]} 19. Rfd1 Qc7 20. Ne3 Ne6 21. Ba2 Nd4 22. Qd3 Qc5 {[#]} (22... Qc8 $16) 23. Rd2 (23. Ncd5 $1 $18) 23... g6 {[#]} ({Better is} 23... Qb4 $14) 24. Ne2 (24. Ncd5 $1 $16) 24... Nxe2+ $14 25. Rxe2 Qb4 26. Nd1 Kg7 27. Qb3 (27. Bc4 $16) 27... Qxb3 28. Bxb3 Rc7 29. Ne3 Rfc8 30. f3 Rc5 31. Rd1 {Precision: White = 44%, Black = 30%.} 1/2-1/2

[Event "1st Goa GM Open 2018"]
[Site "Taleigao"]
[Date "2018.10.19"]
[Round "9"]
[White "Rakesh Kumar Jena"]
[Black "Gahan M G"]
[Result "1-0"]
[WhiteElo "2388"]
[BlackElo "2256"]
[Annotator "TA"]
[PlyCount "71"]
[EventDate "2018.10.13"]
[EventType "swiss"]
[EventCountry "IND"]
[SourceTitle "playchess.com"]
[Source "ChessBase"]
[SourceQuality "1"]

{[%evp 14,71,29,25,63,67,56,57,251,122,122,139,127,119,116,106,104,98,129,106,118,110,107,107,197,158,143,157,341,314,486,482,484,474,797,797,781,783,770,771,766,760,759,691,636,0,737,629,629,629,610,600,770,752,729,729,676,677,1183,1168]} 1. Nf3 Nf6 2. d4 g6 3. Bg5 Ne4 4. Bf4 d5 5. Nbd2 Bg7 6. e3 c5 7. c3 cxd4 {A48: 1 d4 Nf6 2 Nf3 g6: Torre, London and Colle Systems} (7... O-O 8. Bd3 Bf5 9. Qc2 Nxd2 10. Qxd2 Bxd3 11. Qxd3 Nd7 12. h4 Re8 13. h5 cxd4 14. hxg6 hxg6 15. exd4 e5 16. dxe5 Nxe5 17. Bxe5 Bxe5 {1-0 (59) Indjic,A (2574)-Feller,S (2569) Mali Losinj 2017}) 8. exd4 {LiveBook: 4 Games} Bg4 9. Qb3 {aiming for Nxe4.} Nxd2 $146 {White is slightly better.} ({Predecessor:} 9... Bc8 10. Nxe4 dxe4 11. Ng5 O-O 12. Bc4 e6 13. Nxe4 Nc6 14. Be2 e5 15. dxe5 Nxe5 {1-0 (39) Vasicek,M (2147)-Kalod,M (1931) Tabor 2009}) 10. Nxd2 Qd7 $2 (10... Bc8 $14) 11. f3 (11. Bxb8 $18 {and White stays clearly on top.} Qe6+ 12. Be5) 11... e5 $16 12. Bxe5 Bxe5 13. dxe5 Be6 14. Bb5 Nc6 15. Qa3 Qc7 16. O-O-O Qxe5 17. Rhe1 Qxh2 18. Nb3 Rd8 (18... Qf4+ $16 19. Kb1 Qc7) 19. Na5 Qc7 20. Qc5 $36 {[%mdl 2048] Keeping Black busy.} Rc8 $2 (20... a6 $16 {might work better.}) 21. Rxd5 Qe7 {[#]} (21... a6 {keeps fighting.}) 22. Nxb7 $1 $18 ({Less strong is} 22. Nxc6 Qxc5 23. Rxc5 bxc6 $16) ({Weaker is} 22. Bxc6+ bxc6 23. Nxc6 Qxc5 $16) 22... Qxb7 23. Qd6 Rg8 (23... Qe7 $142 24. Bxc6+ Rxc6 25. Qxc6+ Kf8) 24. Rxe6+ fxe6 25. Qxe6+ Kf8 26. Rd7 Qxd7 27. Qxd7 Ne7 28. Ba6 Rc6 29. Bb5 Rc8 30. Qe6 {[%cal Re6f6] [#] White is clearly winning.} Rg7 31. Bc4 Rc6 32. Qe4 Rc8 33. Qf4+ Nf5 34. g4 Rxc4 35. Qxc4 Nd6 36. Qf4+ {Precision: White = 77%, Black = 41%.} 1-0